00933cam a2200289 i 450000100060000000300090000600500170001500800410003201000170007302000180009002000180010803500200012604000280014608200200017410000190019424501230021325000290033626400350036530000440040050400520044465000140049665000220051065000310053265000380056370000240060170000180062520111BD-DhUAP20201123111738.0201123s2017 ii a b 001 0 eng  a 2015029015 a9780323390828 a9788131248911 a(DNLM)101664410 aDNLM/DLCcDLCerdadDLC00a616.079 ABB2231 aAbbas, Abul K.10aBasic immunology :bfunctions and disorders of the immune system /cAbul K. Abbas, Andrew H. Lichtman and Shiv Pillai. aFirst South Asia Edition 1aNew Delhi :bElsevier,cc2017. aix, 335 pages :billustrations ;c24 cm aIncludes bibliographical references and index.12aImmunity.22aHypersensitivity.22aImmune Systemxphysiology.22aImmunologic Deficiency Syndromes.1 aLichtman, Andrew H.1 aPillai, Shiv.